AFI's 10 Top 10: Mystery - Statistics

General Stats
  • This quiz has been taken 31 times
  • The average score is 5 of 10
Answer Stats
Rank Film Year % Correct
2 Chinatown 1974
76%
3 Rear Window 1954
76%
1 Vertigo 1958
72%
7 North by Northwest 1959
64%
6 The Maltese Falcon 1931
60%
10 The Usual Suspects 1995
56%
5 The Third Man 1949
36%
9 Dial M for Murder 1954
28%
4 Laura 1944
20%
8 Blue Velvet 1986
12%
No matching quizzes found
Score Distribution
Percent of People with Each Score
Percentile by Number Answered
Your Score History
You have not taken this quiz